000 00602nam a2200169 a 4500
005 20210219154445.0
008 030611s1982 mx r 000 0 spa d
035 _aUPN01000125466
049 _aSEP
050 4 _aL227 D375
_bM2 1982
110 1 _aMéxico.
_bDirección General de Educación Especial
245 1 0 _aAnálisis del documento denominado "Proyecto :
_bmaestría en psicopedagogía" /
_cDirección General de Educación Especial.
260 _a[México :
_bSEP],
_c1982.
300 _a6 h.
610 1 4 _aMEXICO.
_bDIRECCION GENERAL DE EDUCACION ESPECIAL -
_vPLANES Y PROGRAMAS
905 _aLibro
999 _c97645
_d97645